|
|
|
|
| LEADER |
01814nam a2200433 a 4500 |
| 001 |
EBC1016186 |
| 003 |
MiAaPQ |
| 005 |
20200520144314.0 |
| 006 |
m o d | |
| 007 |
cr cn||||||||| |
| 008 |
120209s2013 nyu sb 001 0 eng d |
| 010 |
|
|
|z 2012003798
|
| 020 |
|
|
|z 9780415614870
|
| 020 |
|
|
|a 9780203108116 (electronic bk.)
|
| 035 |
|
|
|a (MiAaPQ)EBC1016186
|
| 035 |
|
|
|a (Au-PeEL)EBL1016186
|
| 035 |
|
|
|a (CaPaEBR)ebr10596301
|
| 035 |
|
|
|a (CaONFJC)MIL389959
|
| 035 |
|
|
|a (OCoLC)809539045
|
| 040 |
|
|
|a MiAaPQ
|c MiAaPQ
|d MiAaPQ
|
| 043 |
|
|
|a ec-----
|
| 050 |
|
4 |
|a HD2346.C46
|b F56 2013
|
| 082 |
0 |
4 |
|a 338.6/420943
|2 23
|
| 100 |
1 |
|
|a Fink, Matthias.
|
| 245 |
1 |
0 |
|a Community-based entrepreneurship and rural development
|h [electronic resource] :
|b creating favourable conditions for small businesses in Central Europe /
|c Matthias Fink, Stephan Loidl and Richard Lang.
|
| 260 |
|
|
|a New York :
|b Routledge,
|c 2013.
|
| 300 |
|
|
|a xii, 246 p.
|
| 440 |
|
0 |
|a Regions and cities ;
|v 58
|
| 504 |
|
|
|a Includes bibliographical references and index.
|
| 505 |
0 |
|
|a Setting the stage -- An action framework for rural municipalities -- An agenda for cross-border know-how exchange -- The evaluation of the transferability of the proposed agenda -- Conclusion.
|
| 533 |
|
|
|a Electronic reproduction. Ann Arbor, MI : ProQuest, 2015. Available via World Wide Web. Access may be limited to ProQuest affiliated libraries.
|
| 650 |
|
0 |
|a Small business
|z Europe, Central.
|
| 650 |
|
0 |
|a Community development
|z Europe, Central.
|
| 650 |
|
0 |
|a Municipal government
|z Europe, Central.
|
| 655 |
|
4 |
|a Electronic books.
|
| 700 |
1 |
|
|a Loidl, Stephan.
|
| 700 |
1 |
|
|a Lang, Richard.
|
| 710 |
2 |
|
|a ProQuest (Firm)
|
| 856 |
4 |
0 |
|u https://ebookcentral.proquest.com/lib/matrademy/detail.action?docID=1016186
|z Click to View
|